000 00858cam a2200289 a 4500
001 12783346
005 20180124071428.0
008 020521s2001 ilua b 001 0 eng
010 _a 2002282390
016 7 _a101135039
_2DNLM
020 _a1584260432
035 _a(OCoLC)ocm49011329
040 _aNLM
_cNLM
_dDLC
041 _aeng
042 _apcc
060 0 0 _a2001 O-522
060 1 0 _aWY 115
_bA159d 2001
080 _a362.14068 ABR
082 0 0 _a362.14068 ABR
_221
100 1 _a3
101 _aSHM
245 1 0 _aDocumentation and reimbursement for home care and hospice programs /
_cPrinny Rose Abraham.
504 _aIncludes bibliographical references and index.
906 _a7
_bcbc
_cpccadap
_d2
_encip
_f20
_gy-gencatlg
942 _2ddc
_cBK
999 _c40853
_d40853